| 000 | 01269nam a22003257a 4500 | ||
|---|---|---|---|
| 001 | 710 | ||
| 005 | 20230704145339.0 | ||
| 008 | 230703b cb ||||| |||| 00| 0 eng d | ||
| 020 | _a9780531206263 (lib. bdg.) | ||
| 020 | _a0531206262 (lib. bdg.) | ||
| 020 | _a9780531290255 (pbk.) | ||
| 020 | _a0531290255 (pbk.) | ||
| 040 |
_aDLC _cDLC _dDLC _beng |
||
| 050 | 0 | 0 |
_aTL659.H5 _bB46 2011 |
| 082 | 0 | 0 |
_a363.12/4 _222 |
| 100 | 1 |
_aBenoit, Peter, _d1955- |
|
| 245 | 1 | 4 |
_aThe Hindenburg disaster / _cPeter Benoit. |
| 260 |
_aNew York : _bScholastic, _c2011. |
||
| 300 |
_a48 pages : _billustrations (some color), color map ; _c22 cm. |
||
| 490 | 0 | _aA true book | |
| 505 | 0 | _aU | |
| 520 | _aDescribes the crash of the Hindenburg airship in 1937, relaying the history of international airship flight and the events leading to the disaster, and explains what measures have been taken to make airship travel safer. | ||
| 521 |
_a830
_bLexile |
||
| 521 |
_aU
_bRaz-Plus |
||
| 650 | 0 |
_aAircraft accidents _zNew Jersey _xHistory _y20th century _vJuvenile literature. |
|
| 650 | 0 |
_aAirships _xHistory _vJuvenile literature. |
|
| 650 | 0 |
_aAirships _zGermany _xHistory _vJuvenile literature. |
|
| 906 |
_a7 _bcbc _corignew _d1 _eecip _f20 _gy-gencatlg |
||
| 942 |
_2ddc _cBK _n0 |
||
| 999 |
_c710 _d710 |
||